Zahlen, die durch 10 teilbar sind - Sudden Death - Statistiken

Allgemein
  • Dieses Quiz wurde 197 mal gespielt
  • Das Durchschnittsergebnis liegt bei 8 aus 10
Answers on the Grid
Answers color-coded by a green-red scale on the quiz's grid according to % correct below.
1
2
3
4
5
6
7
8
9
10
11
12
13
14
15
16
17
18
19
20
21
22
23
24
25
26
27
28
29
30
31
32
33
34
35
36
37
38
39
40
41
42
43
44
45
46
47
48
49
50
51
52
53
54
55
56
57
58
59
60
61
62
63
64
65
66
67
68
69
70
71
72
73
74
75
76
77
78
79
80
81
82
83
84
85
86
87
88
89
90
91
92
93
94
95
96
97
98
99
100
 
Antwortstatistiken
Antwort % Korrekt
10
88%
100
88%
90
86%
80
83%
40
81%
70
81%
20
78%
50
78%
60
78%
30
76%
Keine übereinstimmenden Quizze gefunden
Verteilung der Resultate
Anzahl Personen mit jedem Resultat
Perzentil nach korrekt beantworteten Fragen
Ihre Resultats-Entwicklung
Sie haben dieses Quiz noch nicht gespielt